| 000 | 00660nam a22002297a 4500 | ||
|---|---|---|---|
| 005 | 20170124105952.0 | ||
| 010 | _aA-314436 | ||
| 020 |
_c00.00 _a8185200017 |
||
| 035 | _aA-314436 | ||
| 037 | _bCen Lib/Ret | ||
| 040 |
_aDPL _bEN |
||
| 082 | _a331 | ||
| 100 |
_aKumar, H.L. _97608 |
||
| 245 |
_aLabour problems & remedies / _cby H.L.Kumar |
||
| 250 | _a4th ed | ||
| 260 |
_aDelhi _bUniversal book traders _c1988 |
||
| 270 |
_a80,Gokhle market Opp - New Courts _bDelhi _e110054 |
||
| 300 |
_aIvi,320p. _c21cm(Hb) |
||
| 650 |
_aIndustrial efficiency _913774 |
||
| 650 |
_aLabor laws and legislation _98613 |
||
| 942 |
_2ddc _cEN _h331 _mKUM |
||
| 999 |
_c125337 _d125337 |
||